000
00205nam a22001097a 4500
041
_a
eng
080
_a
51
090
_b
KLI
100
_a
Klinger, F.
245
_a
Mathematics for Everyone.
999
_c
280253
_d
280253
942
_c
BK